00541nam a22001937a 450000500170000001000130001702000230003003500130005303700160006608200160008210000230009824500630012126000390018427000580022330000200028165000200030165000230032170000030034420170124110132.0 aB-031598 c200.00a8177330411 aB-031598 bCen Lib/Ret a657.42bAGA aAgarwal, Rakesh V. aSystem approach to cost accounting /cby Rakesh V. Agarwal aNew DelhibBharat law house c2000 bNew DelhiaT-1/95, Mangolpuri indusrial area e110083 a530p.c21cm(Hb) aCost accouting  aOperation costing